[Event "40th ECC Open 2025"]
[Site "Rhodes GRE"]
[Date "2025.10.20"]
[Round "2.104"]
[White "Baum, Jonasz"]
[Black "Svanda, Ondrej"]
[Result "1-0"]
[WhiteTitle "IM"]
[BlackTitle "IM"]
[WhiteElo "2446"]
[BlackElo "2363"]
[WhiteTeam "Schachfreunde Berlin 1903"]
[BlackTeam "SK Oaza Praha loznice.cz"]
[WhiteFideId "1195360"]
[BlackFideId "359670"]
[EventDate "2025.10.19"]
[EventType "team"]

1. c4 c6 2. e4 d5 3. exd5 cxd5 4. d4 Nf6 5. Nc3 Nc6 6. Nf3 a6 7. c5 g6 8. h3 Bg7
9. Be2 O-O 10. O-O b6 11. cxb6 Qxb6 12. Na4 Qb8 13. Be3 Bf5 14. Rc1 Rc8 15. Rc3
Nd7 16. Qd2 Qb4 17. b3 Qb7 18. Rfc1 e5 19. dxe5 Ndxe5 20. Nb6 d4 21. Nxd4 Nxd4
22. Rxc8+ Rxc8 23. Rxc8+ Bxc8 24. Qxd4 Qc7 25. Qa4 Bb7 26. Qe8+ Bf8 27. Bh6 Qe7
28. Qxf8+ Qxf8 29. Bxf8 Kxf8 30. f4 Nc6 31. Nd7+ Ke7 32. Nc5 Nd4 33. Bf1 Bc8 34.
Nxa6 Kd6 35. Kf2 Nc2 36. Bd3 1-0

[Event "40th ECC Open 2025"]
[Site "Rhodes GRE"]
[Date "2025.10.20"]
[Round "2.105"]
[White "Svoboda, Vaclav2"]
[Black "Schmidek, Emil"]
[Result "1/2-1/2"]
[BlackTitle "IM"]
[WhiteElo "2376"]
[BlackElo "2427"]
[WhiteTeam "SK Oaza Praha loznice.cz"]
[BlackTeam "Schachfreunde Berlin 1903"]
[WhiteFideId "323551"]
[BlackFideId "12908150"]
[EventDate "2025.10.19"]
[EventType "team"]

1. e4 c6 2. d4 d5 3. Nc3 dxe4 4. Nxe4 Nf6 5. Nxf6+ exf6 6. c3 Bd6 7. Bd3 O-O 8.
Qc2 Re8+ 9. Ne2 h5 10. O-O h4 11. h3 Nd7 12. Bd2 Nf8 13. Rae1 Bc7 14. f4 Qd6 15.
c4 f5 16. Bxf5 Bxf5 17. Qxf5 Re6 18. d5 cxd5 19. cxd5 Ree8 20. Kh1 Ng6 21. Nc3
Rxe1 22. Rxe1 Rd8 23. Qg4 Nxf4 24. Ne4 Nd3 25. Nxd6 Nf2+ 26. Kg1 Nxg4 27. Nf5
Ne5 28. Bg5 f6 29. Bxh4 Ng6 30. Ne7+ Kf7 31. Nxg6 Kxg6 32. Re7 Bb6+ 33. Bf2 Rxd5
34. Bxb6 axb6 35. Rxb7 b5 36. b3 Rd2 37. a3 Ra2 38. Rxb5 Rxa3 39. Kf2 Ra2+ 40.
Kf3 Kf7 41. h4 Kg6 42. g4 Rb2 43. g5 f5 44. Kf4 Rf2+ 45. Kg3 Rb2 46. Rb4 Rb1 47.
Kf4 Rf1+ 48. Ke5 Re1+ 49. Kd5 Re3 50. Rb7 1/2-1/2

[Event "40th ECC Open 2025"]
[Site "Rhodes GRE"]
[Date "2025.10.20"]
[Round "2.106"]
[White "Florstedt, Johannes"]
[Black "Cuhra, Martin"]
[Result "1-0"]
[WhiteTitle "FM"]
[BlackTitle "FM"]
[WhiteElo "2413"]
[BlackElo "2218"]
[WhiteTeam "Schachfreunde Berlin 1903"]
[BlackTeam "SK Oaza Praha loznice.cz"]
[WhiteFideId "12922293"]
[BlackFideId "327735"]
[EventDate "2025.10.19"]
[EventType "team"]

1. e4 c5 2. Nf3 g6 3. c3 Bg7 4. d4 cxd4 5. cxd4 Nf6 6. e5 Nd5 7. Bc4 Nb6 8. Bb3
O-O 9. Nc3 d6 10. h4 Bg4 11. h5 dxe5 12. hxg6 hxg6 13. Rh4 Bxf3 14. Qxf3 Nc6 15.
Ne4 Nxd4 16. Qh3 Qc8 17. g4 Qc6 18. Ng5 Nxb3 19. Rh8+ Bxh8 20. Qh7# 1-0

[Event "40th ECC Open 2025"]
[Site "Rhodes GRE"]
[Date "2025.10.20"]
[Round "2.107"]
[White "Kawulok, Marek"]
[Black "Poltorak, Sebastian"]
[Result "1-0"]
[BlackTitle "IM"]
[WhiteElo "2219"]
[BlackElo "2413"]
[WhiteTeam "SK Oaza Praha loznice.cz"]
[BlackTeam "Schachfreunde Berlin 1903"]
[WhiteFideId "337005"]
[BlackFideId "1199498"]
[EventDate "2025.10.19"]
[EventType "team"]

1. e4 c6 2. d4 d5 3. e5 c5 4. dxc5 e6 5. Be3 Nd7 6. c4 Bxc5 7. Bxc5 Nxc5 8. cxd5
exd5 9. b4 Ne4 10. Bb5+ Kf8 11. Qd4 Ne7 12. Ne2 Nf5 13. Qd3 Qb6 14. O-O Be6 15.
a3 Rc8 16. Ba4 Qc7 17. Nd2 Qxe5 18. Nf3 Qd6 19. Rad1 Ke7 20. Nfd4 Nxd4 21. Qxd4
Qb6 22. Qxg7 Rhg8 23. Qxh7 Rh8 24. Qg7 Rcg8 25. Qd4 Qc7 26. g3 Rh5 27. Rc1 Qd6
28. Bc2 Rg4 29. f4 Ng5 30. Qc5 Nh3+ 31. Kg2 Rg8 32. Bd3 Qxc5 33. Rxc5 Kd6 34.
Nd4 Bg4 35. Nb5+ Ke7 36. Rc7+ Kf6 37. Nd6 Rf8 38. Rxb7 d4 39. Rxa7 Kg7 40. Bc4 1-0

[Event "40th ECC Open 2025"]
[Site "Rhodes GRE"]
[Date "2025.10.20"]
[Round "2.108"]
[White "Polzin, Rainer"]
[Black "Pirklova, Hana"]
[Result "1-0"]
[WhiteTitle "GM"]
[BlackTitle "WFM"]
[WhiteElo "2393"]
[BlackElo "2076"]
[WhiteTeam "Schachfreunde Berlin 1903"]
[BlackTeam "SK Oaza Praha loznice.cz"]
[WhiteFideId "4610741"]
[BlackFideId "313777"]
[EventDate "2025.10.19"]
[EventType "team"]

1. e4 e5 2. Nf3 Nc6 3. Bb5 a6 4. Ba4 Nf6 5. O-O Be7 6. Qe2 b5 7. Bb3 O-O 8. c3
d5 9. d3 Re8 10. Re1 Bb7 11. Nbd2 Bf8 12. exd5 Nxd5 13. Ne4 Na5 14. Bc2 c5 15.
Bd2 Rc8 16. Rad1 Nc6 17. a3 f5 18. Ng3 g6 19. Qf1 Bg7 20. h4 Qd7 21. h5 Bf6 22.
b4 cxb4 23. axb4 Nf4 24. d4 e4 25. Ne5 Bxe5 26. dxe5 Nd3 27. Bxd3 exd3 28. Bf4
Ne7 29. Rxd3 Qc6 30. Red1 Qc4 31. Bg5 Nd5 32. Bf6 Nf4 33. Rd7 Qxf1+ 34. Nxf1 Bc6
35. Rg7+ Kf8 36. Rxh7 Nxh5 37. Rd6 Nxf6 38. Rxf6+ Kg8 39. Rh6 Be4 40. Rhxg6+ Kh7
41. Ng3 Rxe5 42. Nh5 Rc7 43. Rh6+ Kg8 44. Rfg6+ Kf8 45. Rh8+ Ke7 46. Rh7+ Kd8
47. Rg8+ 1-0

[Event "40th ECC Open 2025"]
[Site "Rhodes GRE"]
[Date "2025.10.20"]
[Round "2.109"]
[White "Rosner, Jonas"]
[Black "Sylvan, Jacob"]
[Result "1-0"]
[WhiteTitle "IM"]
[BlackTitle "IM"]
[WhiteElo "2431"]
[BlackElo "2303"]
[WhiteTeam "SG Riehen"]
[BlackTeam "Skakklubben Nordkalotten"]
[WhiteFideId "24608513"]
[BlackFideId "1402137"]
[EventDate "2025.10.19"]
[EventType "team"]

1. e4 c5 2. Nf3 e6 3. d4 cxd4 4. Nxd4 a6 5. Nc3 b5 6. Bd3 Bb7 7. O-O Nc6 8. Nxc6
Bxc6 9. Re1 Bd6 10. h3 Qb8 11. Qg4 Be5 12. Nd5 Nf6 13. Qe2 Nxd5 14. exd5 Bh2+
15. Kh1 Bxd5 16. Qg4 Bd6 17. Qxg7 Rf8 18. Qxh7 Qb7 19. Be4 O-O-O 20. Bxd5 Qxd5
21. Qe4 Qxe4 22. Rxe4 f5 23. Re2 f4 24. f3 Rf5 25. Bd2 Be5 26. Ba5 Re8 27. c3
Kb7 28. a4 Bb8 29. axb5 axb5 30. Bb4 Rd5 31. Kg1 Ba7+ 32. Kf1 Rg8 33. Ke1 Bb6
34. Be7 Kc6 35. h4 e5 36. Bg5 d6 37. Rd2 Rxd2 38. Kxd2 d5 39. Kd3 Re8 40. Re1
Be3 41. g4 e4+ 42. Ke2 Bb6 43. Rh1 Bc7 44. Bf6 Kd6 45. h5 Ke6 46. Bd4 Be5 47. h6
Bxd4 48. cxd4 Kf6 49. fxe4 dxe4 50. h7 Kg7 51. h8=Q+ Rxh8 52. Rxh8 Kxh8 53. d5 1-0

[Event "40th ECC Open 2025"]
[Site "Rhodes GRE"]
[Date "2025.10.20"]
[Round "2.110"]
[White "Kristensen, Kaare Hove"]
[Black "Brunner, Nicolas"]
[Result "1/2-1/2"]
[WhiteTitle "IM"]
[BlackTitle "IM"]
[WhiteElo "2270"]
[BlackElo "2429"]
[WhiteTeam "Skakklubben Nordkalotten"]
[BlackTeam "SG Riehen"]
[WhiteFideId "1400940"]
[BlackFideId "620246"]
[EventDate "2025.10.19"]
[EventType "team"]

1. c4 e6 2. Nc3 d5 3. d4 Bb4 4. a3 Bxc3+ 5. bxc3 Nf6 6. e3 c6 7. cxd5 cxd5 8.
Nf3 O-O 9. c4 b6 10. a4 Ba6 11. Ba3 Re8 12. Rc1 Nbd7 13. cxd5 Bxf1 14. dxe6 Ba6
15. exf7+ Kxf7 16. Ng5+ Kg6 17. h4 Rc8 18. g4 Ne4 19. Qf3 Rxc1+ 20. Bxc1 Qf6 21.
Nxe4 Qxf3 22. h5+ Kf7 23. Ng5+ Kg8 24. Nxf3 Rc8 25. Kd1 Bb7 26. Rh3 Bc6 27. Ne1
Bxa4+ 28. Kd2 b5 29. Ba3 a5 30. Be7 Kf7 31. Bg5 b4 32. Rf3+ Ke6 33. Rf5 b3 34.
Nd3 Rc2+ 35. Ke1 b2 36. Nxb2 Rxb2 37. Rxa5 Bc6 38. Rf5 h6 1/2-1/2

[Event "40th ECC Open 2025"]
[Site "Rhodes GRE"]
[Date "2025.10.20"]
[Round "2.111"]
[White "Haag, Gregor"]
[Black "Hove, Esben Kjems"]
[Result "1-0"]
[WhiteTitle "FM"]
[BlackTitle "FM"]
[WhiteElo "2403"]
[BlackElo "2273"]
[WhiteTeam "SG Riehen"]
[BlackTeam "Skakklubben Nordkalotten"]
[WhiteFideId "24680931"]
[BlackFideId "1401505"]
[EventDate "2025.10.19"]
[EventType "team"]

1. d4 d5 2. c4 c6 3. Nf3 Nf6 4. Nc3 dxc4 5. a4 Bf5 6. Ne5 Nbd7 7. Nxc4 Qc7 8. g3
e5 9. dxe5 Nxe5 10. Bf4 Nfd7 11. Bg2 f6 12. a5 a6 13. Ne4 Bxe4 14. Bxe4 Bb4+ 15.
Kf1 g5 16. Qb3 Be7 17. Bxe5 Nxe5 18. Nxe5 fxe5 19. Rd1 Rd8 20. Kg2 Rd4 21. Qf3
Qd7 22. Qh5+ Kf8 23. e3 Rxd1 24. Rxd1 Qe6 25. Qf3+ Kg7 26. Bf5 Qf6 27. Rd7 Rb8
28. e4 b6 29. Qb3 b5 30. Qe3 Rd8 31. Rxd8 Bxd8 32. Qa7+ Qe7 33. Qxa6 Qc7 34. Qa8
Be7 35. a6 Bc5 36. Qe8 Ba7 37. Qh5 Kf8 38. Qh6+ Ke8 39. Qe6+ Kf8 40. Qf6+ Ke8
41. Qh8+ Ke7 42. b4 c5 43. Qg7+ Kd6 44. Qf6# 1-0

[Event "40th ECC Open 2025"]
[Site "Rhodes GRE"]
[Date "2025.10.20"]
[Round "2.112"]
[White "Nielsen, Lars Aaes"]
[Black "Cvitan, Ognjen"]
[Result "0-1"]
[WhiteTitle "FM"]
[BlackTitle "GM"]
[WhiteElo "2177"]
[BlackElo "2387"]
[WhiteTeam "Skakklubben Nordkalotten"]
[BlackTeam "SG Riehen"]
[WhiteFideId "1401726"]
[BlackFideId "14500086"]
[EventDate "2025.10.19"]
[EventType "team"]

1. e4 c5 2. c3 Nf6 3. e5 Nd5 4. d4 cxd4 5. cxd4 d6 6. Nf3 Nc6 7. Bc4 dxe5 8.
dxe5 Be6 9. O-O g6 10. Qe2 Qc7 11. Bd2 Bg7 12. Nc3 Rd8 13. Qe4 Nxc3 14. Bxc3
Bxc4 15. Qxc4 O-O 16. e6 f5 17. Rfe1 Qd6 18. Bxg7 Kxg7 19. Qb3 Qb4 20. Qxb4 Nxb4
21. Re2 Rd6 22. h4 Rfd8 23. a3 Nc6 24. Rc1 Rd1+ 25. Re1 Rxe1+ 26. Rxe1 Rd5 27.
Re2 h6 28. g3 Kf6 29. Kg2 Rd3 30. Ne1 Rd6 31. Nc2 Rxe6 32. Ne3 Rd6 33. Rc2 e6
34. b4 a6 35. Rc3 g5 36. hxg5+ hxg5 37. Nc4 Rd4 38. Kf1 Rd8 39. Nb2 Ne5 40. Ke2
g4 41. Na4 Rd7 42. Nc5 Rh7 43. Rc1 Nf3 44. Rd1 Re7 45. Rd6 Ne5 46. Rb6 Nd7 47.
Rxb7 Nxc5 48. Rxe7 Kxe7 49. bxc5 Kd7 50. Kd3 e5 51. Kc3 Kc6 52. Kc4 a5 53. a4 f4
54. Kd3 Kxc5 55. Ke4 fxg3 56. fxg3 Kb4 57. Kf5 Kxa4 58. Kxg4 Kb3 59. Kf5 a4 0-1

[Event "40th ECC Open 2025"]
[Site "Rhodes GRE"]
[Date "2025.10.20"]
[Round "2.113"]
[White "Jaeggi, Dorian"]
[Black "Jakobsen, Peter"]
[Result "1-0"]
[WhiteTitle "FM"]
[BlackTitle "FM"]
[WhiteElo "2327"]
[BlackElo "2166"]
[WhiteTeam "SG Riehen"]
[BlackTeam "Skakklubben Nordkalotten"]
[WhiteFideId "1306294"]
[BlackFideId "1401440"]
[EventDate "2025.10.19"]
[EventType "team"]

1. d4 Nf6 2. c4 e6 3. Nf3 Bb4+ 4. Bd2 Qe7 5. e3 O-O 6. Bd3 Bxd2+ 7. Qxd2 d6 8.
Nc3 e5 9. Bc2 Re8 10. O-O Bg4 11. Ng5 h6 12. Nge4 Nxe4 13. Bxe4 c6 14. f3 Bc8
15. f4 Nd7 16. fxe5 dxe5 17. d5 Qd6 18. Rad1 Nf6 19. dxc6 Qxd2 20. Rxd2 Nxe4 21.
Nxe4 bxc6 22. Rd6 Rb8 23. b3 Rb6 24. Nc5 Be6 25. Nxe6 fxe6 26. Rd7 Rf8 27. Rxa7
Rxf1+ 28. Kxf1 Kh7 29. Ra5 Kg6 30. Ke2 Kf6 31. Kd3 Rb8 32. Rc5 1-0

[Event "40th ECC Open 2025"]
[Site "Rhodes GRE"]
[Date "2025.10.20"]
[Round "2.114"]
[White "Noer, Martin Stampe"]
[Black "Collin, Moritz Valentin"]
[Result "0-1"]
[BlackTitle "FM"]
[WhiteElo "1932"]
[BlackElo "2282"]
[WhiteTeam "Skakklubben Nordkalotten"]
[BlackTeam "SG Riehen"]
[WhiteFideId "1412221"]
[BlackFideId "1342932"]
[EventDate "2025.10.19"]
[EventType "team"]

1. d4 Nf6 2. Bf4 d5 3. e3 c5 4. c3 e6 5. Nd2 Bd6 6. Bg3 O-O 7. Ngf3 b6 8. Bd3
Bb7 9. Ne5 Qc7 10. f4 Ne4 11. Qc2 f5 12. Ndf3 Ba6 13. Bxa6 Nxa6 14. Qe2 c4 15.
O-O Nb8 16. Bh4 Nd7 17. Ng5 Nxg5 18. Bxg5 Nf6 19. Rf3 Ne4 20. Bh4 b5 21. a3 a5
22. Rff1 Rab8 23. Qc2 Bxe5 24. fxe5 g5 25. Be1 h5 26. Qe2 h4 27. Qh5 Kg7 28. Qe2
Rh8 29. Rf3 Rb7 30. Bf2 Qf7 31. g4 hxg3 32. Bxg3 Qh5 33. Qg2 Kf8 34. a4 b4 35.
cxb4 Rxb4 36. Be1 Rb3 37. Bxa5 g4 38. Rg3 Nxg3 39. hxg3 Rxb2 0-1

[Event "40th ECC Open 2025"]
[Site "Rhodes GRE"]
[Date "2025.10.20"]
[Round "2.115"]
[White "Vagman, Roy"]
[Black "Movsesian, Sergei"]
[Result "0-1"]
[WhiteTitle "IM"]
[BlackTitle "GM"]
[WhiteElo "2383"]
[BlackElo "2600"]
[WhiteTeam "Rishon Le Zion #2"]
[BlackTeam "Sigil Fund Pardubice"]
[WhiteFideId "2828995"]
[BlackFideId "310204"]
[EventDate "2025.10.19"]
[EventType "team"]

1. e4 d6 2. d4 Nf6 3. Nc3 e5 4. Nge2 c6 5. h3 b5 6. a3 h5 7. Ng1 Nbd7 8. Nf3 Be7
9. Be2 a6 10. Be3 Bb7 11. O-O O-O 12. Ng5 exd4 13. Qxd4 c5 14. Qd2 Nb6 15. Rad1
Qc7 16. Bf4 Rad8 17. Bd3 Bc6 18. Qe3 Qb7 19. Rfe1 c4 20. Bf1 d5 21. exd5 Nbxd5
22. Nxd5 Rxd5 23. c3 Rfd8 24. Rxd5 Nxd5 25. Qg3 Bf8 26. Bc1 Qd7 27. Nf3 Bb7 28.
Qh4 g6 29. Ne5 Qc7 30. Nf3 Bg7 31. Bg5 Rc8 32. Nd4 Qd7 33. Bd2 Re8 34. Rxe8+
Qxe8 35. g3 Nb6 36. Bg2 Bxg2 37. Kxg2 Na4 38. Bc1 Nc5 39. Be3 Nd3 40. b4 cxb3
41. Nxb3 Qc6+ 42. Kf1 Bf6 43. Bg5 Qf3 0-1

[Event "40th ECC Open 2025"]
[Site "Rhodes GRE"]
[Date "2025.10.20"]
[Round "2.116"]
[White "Hracek, Zbynek"]
[Black "Galburd, Yan"]
[Result "1/2-1/2"]
[WhiteTitle "GM"]
[BlackTitle "IM"]
[WhiteElo "2539"]
[BlackElo "2418"]
[WhiteTeam "Sigil Fund Pardubice"]
[BlackTeam "Rishon Le Zion #2"]
[WhiteFideId "300071"]
[BlackFideId "2808528"]
[EventDate "2025.10.19"]
[EventType "team"]

1. e4 c6 2. d4 d5 3. e5 Bf5 4. Bd3 Bxd3 5. Qxd3 e6 6. Ne2 Ne7 7. c3 c5 8. Nd2
Nec6 9. Nf3 Qb6 10. O-O Nd7 11. g3 Rc8 12. Nf4 cxd4 13. cxd4 Nb4 14. Qd1 Nc2 15.
Rb1 Na3 16. Ra1 Nc2 17. Rb1 Na3 18. Ra1 Nc2 1/2-1/2

[Event "40th ECC Open 2025"]
[Site "Rhodes GRE"]
[Date "2025.10.20"]
[Round "2.117"]
[White "Zakin, Ilay"]
[Black "Nemec, Jachym"]
[Result "0-1"]
[WhiteTitle "FM"]
[BlackTitle "FM"]
[WhiteElo "2309"]
[BlackElo "2448"]
[WhiteTeam "Rishon Le Zion #2"]
[BlackTeam "Sigil Fund Pardubice"]
[WhiteFideId "2848279"]
[BlackFideId "23716525"]
[EventDate "2025.10.19"]
[EventType "team"]

1. e4 c6 2. d4 d5 3. e5 c5 4. Nf3 cxd4 5. Nxd4 Nc6 6. c4 e6 7. Nc3 Bc5 8. Nxc6
bxc6 9. cxd5 exd5 10. Bd3 Ne7 11. O-O O-O 12. Na4 Bb6 13. Qc2 Ng6 14. Nxb6 Qxb6
15. b3 Re8 16. Bb2 Bd7 17. Rfe1 c5 18. h4 Rac8 19. h5 Nf8 20. Rad1 h6 21. Bf1
Bc6 22. Qf5 a5 23. Bc1 Bd7 24. Qf3 d4 25. Qg3 Kh8 26. Rd3 Nh7 27. Rf3 Be6 28.
Bd3 c4 29. bxc4 Qb4 30. Rf1 Bxc4 31. Qg4 Bxd3 32. Rxd3 Qb5 33. Rf3 Qd5 34. Re1
d3 35. Rg3 Rg8 36. Bf4 Rc4 37. Qf3 Rd8 38. Qxd5 Rxd5 39. Rf3 Nf8 40. Rd1 Ne6 41.
Be3 Kg8 42. Rg3 Kf8 43. f4 Nxf4 44. Bxf4 Rxf4 45. Rgxd3 Rxe5 46. Rd5 Rxd5 47.
Rxd5 Ra4 48. Rd2 Ke7 49. Kf2 Ra3 50. g3 Kf6 51. Rc2 Kg5 52. Rc5+ Kg4 53. Rc2
Kxh5 54. Kg2 f5 55. Rf2 Kg5 56. Rc2 g6 0-1

[Event "40th ECC Open 2025"]
[Site "Rhodes GRE"]
[Date "2025.10.20"]
[Round "2.118"]
[White "Delgerdalai, Bayarjavkhlan"]
[Black "Ribstein, Orel"]
[Result "0-1"]
[WhiteTitle "FM"]
[WhiteElo "2376"]
[BlackElo "2138"]
[WhiteTeam "Sigil Fund Pardubice"]
[BlackTeam "Rishon Le Zion #2"]
[WhiteFideId "23727276"]
[BlackFideId "2826534"]
[EventDate "2025.10.19"]
[EventType "team"]

1. e4 c5 2. Nf3 d6 3. d4 cxd4 4. Nxd4 Nf6 5. Nc3 a6 6. Be3 e5 7. Nb3 Be6 8. Qd2
Nbd7 9. O-O-O Rc8 10. f4 Be7 11. f5 Bc4 12. g4 Nxg4 13. Rg1 Nxe3 14. Qxe3 Qb6
15. Qg3 Bxf1 16. Rdxf1 Nf6 17. Qf3 Rg8 18. Rg2 Qc7 19. Rfg1 b5 20. a3 Qb6 21.
Qd3 Kf8 22. Kb1 Rd8 23. Rd1 Rc8 24. Re2 Qa7 25. Ree1 Qb6 26. Nc1 Rc4 27. b3 Rc8
28. N1a2 Qc5 29. Kb2 g6 30. Nb4 a5 31. Nbd5 gxf5 32. Nxf6 Bxf6 33. Qxd6+ Qxd6
34. Rxd6 Be7 35. Rd2 b4 36. Nd5 bxa3+ 37. Ka2 fxe4 38. Rxe4 f6 39. Rf2 Kf7 40.
c4 Ke6 41. Rh4 Rg7 42. Rh6 Rf8 43. Nxe7 Rxe7 44. Kxa3 e4 45. Rd2 e3 46. Re2 Kf5
47. Re1 Kg4 48. Rg1+ Kf3 49. Rh3+ Kf2 50. Rhg3 e2 51. R1g2+ Kf1 52. Rg1+ Kf2 53.
R1g2+ Ke1 54. Kb2 Kd2 55. Rc3 Re3 56. Rc1 Rb8 57. Rc2+ Kd3 58. Rc3+ Kd4 0-1

[Event "40th ECC Open 2025"]
[Site "Rhodes GRE"]
[Date "2025.10.20"]
[Round "2.119"]
[White "Barak, Gil"]
[Black "Stehno, Pavel"]
[Result "1/2-1/2"]
[WhiteTitle "CM"]
[WhiteElo "2211"]
[BlackElo "2305"]
[WhiteTeam "Rishon Le Zion #2"]
[BlackTeam "Sigil Fund Pardubice"]
[WhiteFideId "2812690"]
[BlackFideId "313467"]
[EventDate "2025.10.19"]
[EventType "team"]

1. d4 Nf6 2. Bf4 g6 3. Nc3 d5 4. Qd2 Bg7 5. Bh6 Bxh6 6. Qxh6 c5 7. dxc5 Nc6 8.
e3 Qa5 9. Nf3 Qxc5 10. Bb5 Be6 11. O-O-O O-O-O 12. Bxc6 bxc6 13. Qf4 Bg4 14. Kb1
Bxf3 15. Qxf3 Rd7 16. Qf4 Rb7 17. Qd4 Qd6 18. f4 Rd8 19. Rhe1 Kb8 20. e4 Qxf4
21. e5 Qxd4 22. Rxd4 Nd7 23. e6 Nf6 24. exf7 Rf8 25. Re6 Rc7 26. Rf4 Rxf7 27. g4
g5 28. Rf1 Rg7 29. h3 Kc8 30. a3 Kd7 31. Re2 Rc8 32. Rfe1 Re8 33. Re5 e6 34. Rf1
Rg6 35. Rfe1 Kd6 36. R5e2 e5 37. Rf1 h5 38. Ref2 Ke6 39. gxh5 Nxh5 40. Rf7 Re7
41. Rf8 Rf6 42. R1xf6+ Nxf6 43. Rc8 Kd6 44. Rf8 Ne8 45. Ne2 Ke6 46. Rg8 Ng7 47.
b4 Rc7 48. Kb2 Kf7 49. Rh8 Ne6 50. Ng3 e4 51. Kc3 Kf6 52. Ne2 Ke5 53. h4 gxh4
54. Rh5+ Kd6 55. Rh6 c5 56. bxc5+ Rxc5+ 57. Kd2 Rc4 58. c3 e3+ 59. Kxe3 Re4+ 60.
Kd2 Kc5 61. Nc1 Ng5 62. Nb3+ Kb5 63. Nd4+ Ka5 64. Nb3+ Kb5 65. Nd4+ 1/2-1/2

[Event "40th ECC Open 2025"]
[Site "Rhodes GRE"]
[Date "2025.10.20"]
[Round "2.120"]
[White "Bujnoch, Radek"]
[Black "Azoulay, Yehonatan"]
[Result "1-0"]
[WhiteTitle "FM"]
[WhiteElo "2247"]
[BlackElo "2136"]
[WhiteTeam "Sigil Fund Pardubice"]
[BlackTeam "Rishon Le Zion #2"]
[WhiteFideId "313300"]
[BlackFideId "2839415"]
[EventDate "2025.10.19"]
[EventType "team"]

1. d4 Nf6 2. c4 c5 3. d5 b5 4. cxb5 a6 5. bxa6 e6 6. Nc3 exd5 7. Nxd5 Be7 8. e3
Nxd5 9. Qxd5 Nc6 10. Bd2 O-O 11. Nf3 Qb6 12. Bc3 Ra7 13. a3 Bxa6 14. Bxa6 Qxa6
15. Rd1 Rb7 16. Qd3 Qxd3 17. Rxd3 Bf6 18. Kd2 Rfb8 19. Rb1 Kf8 20. Rd5 Rb3 21.
Bxf6 gxf6 22. Kc2 c4 23. Rc5 Ne5 24. Nxe5 fxe5 25. Rxc4 Ke7 26. Rc3 R3b6 27. e4
Rf6 28. Rf1 Rh6 29. h3 Rhb6 30. b4 Ra8 31. Kb3 Rba6 32. Ra1 Rf6 33. Ra2 Rd6 34.
a4 Rd1 35. a5 Rb8 36. Rc4 Rb1+ 37. Ka4 Ke6 38. a6 h5 39. a7 Ra8 40. Kb5 d5 41.
exd5+ Kxd5 42. Rc7 f5 43. Rb7 e4 44. Rb8 1-0

[Event "40th ECC Open 2025"]
[Site "Rhodes GRE"]
[Date "2025.10.20"]
[Round "2.121"]
[White "Alonso Rosell, Alvar"]
[Black "Tarhan, Adar"]
[Result "1-0"]
[WhiteTitle "GM"]
[BlackTitle "IM"]
[WhiteElo "2538"]
[BlackElo "2432"]
[WhiteTeam "Silla-Integrant Col.lectius"]
[BlackTeam "Pausa Chess Team"]
[WhiteFideId "2270544"]
[BlackFideId "34544712"]
[EventDate "2025.10.19"]
[EventType "team"]

1. d4 Nf6 2. c4 e6 3. Nf3 c5 4. e3 cxd4 5. exd4 b6 6. a3 d5 7. Nc3 Be7 8. cxd5
Nxd5 9. Bb5+ Bd7 10. Bd3 Nxc3 11. bxc3 Nc6 12. Bf4 O-O 13. h4 g6 14. Qd2 h5 15.
Kf1 Bf6 16. Re1 Re8 17. Ng5 Ne7 18. Ne4 Bg7 19. Bg5 Qc7 20. g4 hxg4 21. h5 f5
22. Nf6+ Kf7 23. Nxe8 Rxe8 24. Bxe7 Kxe7 25. hxg6 Kf8 26. Rh7 Rc8 27. c4 Kg8 28.
Qg5 Qd8 29. Qh5 Qf6 30. d5 Re8 31. c5 bxc5 32. dxe6 Bxe6 33. Rxe6 Qxe6 34. Kg1
Bd4 35. Qh4 f4 36. Rc7 Bxf2+ 37. Qxf2 Qd5 38. Rxc5 Qxd3 39. Qa2+ Kg7 40. Qf7+ 1-0

[Event "40th ECC Open 2025"]
[Site "Rhodes GRE"]
[Date "2025.10.20"]
[Round "2.122"]
[White "Durak, Can"]
[Black "Lopez Martinez, Josep Manuel"]
[Result "1/2-1/2"]
[WhiteTitle "IM"]
[BlackTitle "GM"]
[WhiteElo "2425"]
[BlackElo "2477"]
[WhiteTeam "Pausa Chess Team"]
[BlackTeam "Silla-Integrant Col.lectius"]
[WhiteFideId "44552971"]
[BlackFideId "2212943"]
[EventDate "2025.10.19"]
[EventType "team"]

1. e4 e6 2. d4 d5 3. Nc3 Nf6 4. Bg5 h6 5. Bxf6 Qxf6 6. exd5 Bb4 7. Bc4 exd5 8.
Bxd5 Bxc3+ 9. bxc3 O-O 10. Ne2 c5 11. O-O Rd8 12. dxc5 Na6 13. c4 Nxc5 14. Qd4
Qxd4 15. Nxd4 Be6 16. Bxe6 Rxd4 17. Bd5 Re8 18. Rfe1 Rxe1+ 19. Rxe1 Kf8 20. Kf1
b6 21. Ke2 Rh4 22. h3 Rf4 23. Ke3 Rf6 24. f4 Rd6 25. Kd4 Rd7 26. g3 Re7 27. Rxe7
Kxe7 28. Ke5 Nd7+ 29. Kd4 Nc5 30. Ke5 Nd7+ 1/2-1/2

[Event "40th ECC Open 2025"]
[Site "Rhodes GRE"]
[Date "2025.10.20"]
[Round "2.123"]
[White "Olsen, Filip Boe"]
[Black "Oktem, Ege Tuna"]
[Result "1/2-1/2"]
[WhiteTitle "IM"]
[BlackTitle "FM"]
[WhiteElo "2451"]
[BlackElo "2367"]
[WhiteTeam "Silla-Integrant Col.lectius"]
[BlackTeam "Pausa Chess Team"]
[WhiteFideId "1440640"]
[BlackFideId "26314363"]
[EventDate "2025.10.19"]
[EventType "team"]

1. Nf3 Nf6 2. g3 d5 3. Bg2 e6 4. O-O Be7 5. c4 O-O 6. b3 d4 7. e3 c5 8. exd4
cxd4 9. Ne5 Qc7 10. Re1 Nfd7 11. Nd3 Nc6 12. Ba3 Qd8 13. Qc1 Re8 14. Bxe7 Rxe7
15. b4 a5 16. b5 Nb4 17. Nxb4 axb4 18. c5 Qc7 19. c6 Ne5 20. Qc2 bxc6 21. Qe4
Ng6 22. Qxd4 c5 23. Qc4 Rb8 24. d4 Bb7 25. dxc5 Bxg2 26. Kxg2 Qb7+ 27. c6 Qxb5
28. Qxb5 Rxb5 29. Nd2 Ne5 30. Rac1 Rc7 31. Re4 f5 32. Re2 Rd5 33. Nb3 Kf7 34. f4
Nd3 35. Rc4 e5 36. fxe5 Nxe5 37. Rd4 Rb5 38. Rd6 Nc4 39. Rd4 Rxc6 40. Rd7+ Kf6
41. Nd4 Re5 42. Rxe5 Nxe5 43. Nxc6 Nxd7 44. Nxb4 Nb6 45. Kf3 g5 46. Nd3 Ke6 47.
Nb2 Nd5 48. Nc4 g4+ 49. Kf2 Nc3 50. a3 Kd5 51. Nb2 Ke4 52. a4 f4 53. a5 f3 54.
a6 Nb5 55. Nc4 Na7 56. h3 gxh3 57. Nd2+ Kf5 58. Kxf3 h5 59. Ne4 Nc6 60. Nf2 Nd4+
61. Ke3 Nc6 62. Ke2 h2 63. Kf3 Ke5 64. Kg2 Kd5 65. Nd3 Kd4 66. Nb4 Na7 67. Kxh2
Kc5 68. Nd3+ Kb6 69. Kh3 Nb5 70. Nb4 Ka5 71. Kh4 Kxb4 72. Kxh5 Ka5 73. g4 Kxa6
74. Kg6 Nd4 75. Kf6 Nf3 76. g5 Nxg5 1/2-1/2